• 首页
  • 本馆介绍
  • 公告通知
  • 最新文献
  • 馆藏检索
  • 电子资源
  • 读者导购
  • 参考咨询
  • 我的图书馆
  • 登录
  • 详细信息显示
  • 放入我的书架
  • 预约/预借图书
  • 作者相关作品
  • 分类相关作品
  • 丛书相关作品
  • 出版社相关作品

书目信息

  • 表格格式
  • 工作单格式
  • 卡片格式
题名:
水污染控制工程
    
 
作者: 陈群玉 著
分册:  
出版信息: 北京   中央民族大学出版社  2018.06
页数: 336页
开本: 24cm
丛书名:
单 册:
中图分类: X520.6
科图分类:
主题词: 水污染--污染控制--高等学校--教材
电子资源:
ISBN: 978-7-5660-0803-9
000 00865nam0 2200217 450
001 4810
005 20181013094935.24
010    @a978-7-5660-0803-9@dCNY68.00
100    @a20140912d2018 em y0chiy0110 ea
101 0  @achi
102    @aCN@b110000
105    @ay z 000yy
200 1  @a水污染控制工程@9shui wu ran kong zhi gong cheng@f陈群玉著
210    @a北京@c中央民族大学出版社@d2018.06
215    @a336页@d24cm
330    @a本教材阐述了水污染控制工程的基本概念,基本原理,控制工艺流程、原理、特点及其适用范围,对水处理方面涉及到的物理法、化学法、生物法等各类工艺流程进行了较为详细的说明,并针对几个典型的案例开展了工程设计,为读者提供了水污染控制理论、工程设计、故障排除等方面的参考。
606 0  @a水污染@x污染控制@x高等学校@j教材
690    @aX520.6@v4
701  0 @a陈群玉@9chen qun yu@4著
801  0 @aCN@b91采访@c20140912
905    @aMuseLib@dX520.6@e198
    
    水污染控制工程/陈群玉著.-北京:中央民族大学出版社,2018.06
    336页;24cm
    
    
    ISBN 978-7-5660-0803-9:CNY68.00
    本教材阐述了水污染控制工程的基本概念,基本原理,控制工艺流程、原理、特点及其适用范围,对水处理方面涉及到的物理法、化学法、生物法等各类工艺流程进行了较为详细的说明,并针对几个典型的案例开展了工程设计,为读者提供了水污染控制理论、工程设计、故障排除等方面的参考。
●
相关链接 在E读中查询图书 在五车中查询图书 在当当中查询图书 在豆瓣中查询图书


正题名:水污染控制工程     索取号:X520.6/198         预约/预借

序号 登录号 条形码 馆藏地/架位号 状态 备注
1 1126754   211267546   第二样本阅览室/ [索取号:X520.6/198] 在馆    
2 1126755   211267555   密集书库-资源管理系/ [索取号:X520.6/198] 在馆    
3 1126756   211267564   第三借阅区/ [索取号:X520.6/198] 在馆    
4 1126757   211267573   第三借阅区/ [索取号:X520.6/198] 在馆    
5 1126758   211267582   第三借阅区/ [索取号:X520.6/198] 在馆    
唐山师范学院图书馆 欢迎您!
大连网信软件有限公司© 版权所有